Normal view
MARC view
- A. Q. Khan ,Anwar Ul Haq ,Tauqir, Anjam
Entry Personal Name
001 - CONTROL NUMBER
- control field: 60687
003 - CONTROL NUMBER IDENTIFIER
- control field: NUST
005 - DATE AND TIME OF LATEST TRANSACTION
- control field: 20210628202612.0
008 - FIXED-LENGTH DATA ELEMENTS
- fixed length control field: 210628|| aca||aabn | a|a d
040 ## - CATALOGING SOURCE
- Original cataloging agency: NUST
- Transcribing agency: NUST
100 ## - HEADING--PERSONAL NAME
- Personal name: A. Q. Khan ,Anwar Ul Haq ,Tauqir, Anjam
670 ## - SOURCE DATA FOUND
- Source citation: Work cat.: (NUST): A. Q. Khan ,Anwar Ul Haq ,Tauqir, Anjam, Phase Transformations-96 ,Proceedings Of The First International Conference On Phase Transformations 1-3rd September 1996 Pakistan, 1996
